The High Court Companies Cause No. 6/89 In The Matter of Kavuma Motors Ltd formerly Yusufu's Motors Ltd. (Record no. 4378)
[ view plain ]
| 000 -LEADER | |
|---|---|
| fixed length control field | 00428nam a22001097a 4500 |
| 008 - FIXED-LENGTH DATA ELEMENTS--GENERAL INFORMATION | |
| fixed length control field | 110701t xxu||||| |||| 00| 0 eng d |
| 010 ## - LIBRARY OF CONGRESS CONTROL NUMBER | |
| LC control number | HCCC F126 |
| 245 ## - TITLE STATEMENT | |
| Title | The High Court Companies Cause No. 6/89 In The Matter of Kavuma Motors Ltd formerly Yusufu's Motors Ltd. |
| 260 ## - PUBLICATION, DISTRIBUTION, ETC. (IMPRINT) | |
| Date of publication, distribution, etc | 1989 |
| 500 ## - GENERAL NOTE | |
| General note | W.K.M. Kityo JUDGE 31/08/93 |
| Withdrawn status | Lost status | Source of classification or shelving scheme | Damaged status | Koha normalized classification for sorting | Not for loan | Location (home branch) | Sublocation or collection (holding branch) | Shelving location | Date acquired | Koha issues (times borrowed) | Koha full call number | Piece designation (barcode) | Koha date last seen | Price effective from | Koha item type |
|---|---|---|---|---|---|---|---|---|---|---|---|---|---|---|---|
| Dewey Decimal Classification | HCCC_F126 | Law Development Centre Main Library | Law Development Centre Main Library | Law Reports | 07/01/2011 | HCCC F-126 | 6/1989/01 | 07/01/2011 | 07/01/2011 | Un Reported Cases |
